Die Kindstötung "in oder gleich nach der Geburt": zum Stellenwert von Privilegierungs- und Dekulpierungsgründen

Guardado en:  
Detalles Bibliográficos
Autor principal: Lammel, Matthias (Autor)
Tipo de documento: Print Artículo
Lenguaje:Alemán
Publicado: 2008
En: Forensische Psychiatrie, Psychologie, Kriminologie
Año: 2008, Volumen: 2, Número: 2, Páginas: 96-104
Verificar disponibilidad: HBZ Gateway
Palabras clave:

MARC

LEADER 00000caa a2200000 c 4500
001 1622827376
003 DE-627
005 20220606124527.0
007 tu
008 080605s2008 xx ||||| 00| ||ger c
035 |a (DE-627)1622827376 
035 |a (DE-576)281464111 
035 |a (DE-599)BSZ281464111 
040 |a DE-627  |b ger  |c DE-627  |e rakwb 
041 |a ger 
100 1 |a Lammel, Matthias  |0 (DE-588)110674952  |0 (DE-627)58448822X  |0 (DE-576)169485137  |4 aut 
109 |a Lammel, Matthias  |a Lammel, M.  |a Lammel, Mattias 
245 1 4 |a Die Kindstötung "in oder gleich nach der Geburt"  |b zum Stellenwert von Privilegierungs- und Dekulpierungsgründen  |c Matthias Lammel 
264 1 |c 2008 
336 |a Text  |b txt  |2 rdacontent 
337 |a ohne Hilfsmittel zu benutzen  |b n  |2 rdamedia 
338 |a Band  |b nc  |2 rdacarrier 
773 0 8 |i In  |t Forensische Psychiatrie, Psychologie, Kriminologie  |d Berlin : Springer, 2007  |g 2(2008), 2, Seite 96-104  |w (DE-627)521481252  |w (DE-600)2262947-6  |w (DE-576)262269163  |x 1862-7072  |7 nnas 
773 1 8 |g volume:2  |g year:2008  |g number:2  |g pages:96-104 
951 |a AR 
ELC |b 1 
LOK |0 000 xxxxxcx a22 zn 4500 
LOK |0 001 3247677739 
LOK |0 003 DE-627 
LOK |0 004 1622827376 
LOK |0 005 20250801140515 
LOK |0 008 080613||||||||||||||||ger||||||| 
LOK |0 040   |a DE-21-110  |c DE-627  |d DE-21-110 
LOK |0 689   |a s  |a Kindstötung 
LOK |0 689   |a s  |a Schuldfähigkeitsbegutachtung 
LOK |0 689   |a s  |a Forensische Psychiatrie 
LOK |0 852   |a DE-21-110 
LOK |0 852 1  |m p  |9 00 
LOK |0 935   |a tre1 
LOK |0 938   |k p 
LOK |0 939   |a 13-06-08  |b l01 
ORI |a SA-MARC-krimdoka001.raw